000
00295nam a2200121Ia 4500
008
240112s1966-67 xx 000 0 und d
041
_a
eng
082
_a
616.3403
100
_a
SCHWARTZ T.
245
_a
THE YEAR BOOK OF ENDOCRINOLOGY
260
_b
THE Y/B PUB
_c
1966-67
300
_a
396,HB
999
_c
1142312
_d
1142312